| 000 | 00472nam a2200181Ia 4500 | ||
|---|---|---|---|
| 001 | 43704 | ||
| 008 | 140425s9999 xx 000 0 und d | ||
| 020 | _aNA | ||
| 040 | _cPK-LaUMT | ||
| 082 |
_aRHC 327.5491073 _bABD-W |
||
| 100 | _aAbdur Rasheed Arshad | ||
| 245 |
_aWorld orders aur Pakistan (Urdu) _cAbdur Rasheed Arshad |
||
| 260 |
_aJoharabad,Pakistan: _bAl-Noor Trust, _c2004 |
||
| 300 | _a187 p. | ||
| 546 | _aUR | ||
| 650 | _aWorld order America | ||
| 942 | _cBK | ||
| 999 |
_c41705 _d41705 |
||